सूर-संगीत भाग-2 (Record no. 1240336)

MARC details
000 -LEADER
fixed length control field 00713nam a2200193Ia 4500
008 - FIXED-LENGTH DATA ELEMENTS--GENERAL INFORMATION
fixed length control field 151121s9999||||xx |||||||||||||| ||und||
082 ## - DEWEY DECIMAL CLASSIFICATION NUMBER
Classification number 781/गर्ग
082 ## - DEWEY DECIMAL CLASSIFICATION NUMBER
Item number HNW-58516
100 ## - MAIN ENTRY--PERSONAL NAME
Personal name गर्ग लक्ष्मीनारायण
245 ## - TITLE STATEMENT
Title सूर-संगीत भाग-2
260 ## - PUBLICATION, DISTRIBUTION, ETC. (IMPRINT)
Name of publisher, distributor, etc "संगीत कार्यालय, हाथरस,उत्तरप्रदेश"
260 ## - PUBLICATION, DISTRIBUTION, ETC. (IMPRINT)
Date of publication, distribution, etc --
300 ## - PHYSICAL DESCRIPTION
Extent 105
600 ## - SUBJECT ADDED ENTRY--PERSONAL NAME
Personal name गर्ग लक्ष्मीनारायण
630 ## - SUBJECT ADDED ENTRY--UNIFORM TITLE
Uniform title सूर-संगीत भाग-2
700 ## - ADDED ENTRY--PERSONAL NAME
Personal name गर्ग लक्ष्मीनारायण
730 ## - ADDED ENTRY--UNIFORM TITLE
Uniform title सूर-संगीत भाग-2
942 ## - ADDED ENTRY ELEMENTS (KOHA)
Koha item type Book
Holdings
Withdrawn status Lost status Damaged status Not for loan Home library Current library Date acquired Cost, normal purchase price Total Checkouts Full call number Barcode Date last seen Cost, replacement price Price effective from Koha item type
        Hirachand Nemchand Wachanalaya, Solapur Hirachand Nemchand Wachanalaya, Solapur 11/21/2015 20.00   HNW-58516 HNW-58516 11/21/2015 20.00 11/21/2015 Book